Obras del Padre Juan de Mariana
Zapisane w:
| Format: | Książka |
|---|---|
| Język: | Undetermined |
| Wydane: |
Madrid, España
Rivadeneyra
1872
|
| Seria: | Biblioteca de autores españoles, desde la formación del lenguaje hasta nuestros días
Tomo 31 |
| Hasła przedmiotowe: | |
| Dostęp online: | Acceso al texto |
| Etykiety: |
Dodaj etykietę
Nie ma etykietki, Dołącz pierwszą etykiete!
|
MARC
| LEADER | 00000nam a2200000Ia 4500 | ||
|---|---|---|---|
| 008 | 170316s9999 xx 000 0 und d | ||
| 040 | |a cru BVZT | ||
| 090 | |a R-413 O-2o T.31 V.II BAE | ||
| 245 | |a Obras del Padre Juan de Mariana |c Manuel Rivadeneya, editor | ||
| 260 | |a Madrid, España | ||
| 260 | |b Rivadeneyra | ||
| 260 | |c 1872 | ||
| 300 | |a 632 páginas |b Volumen II | ||
| 490 | |a Biblioteca de autores españoles, desde la formación del lenguaje hasta nuestros días |v Tomo 31 | ||
| 650 | |a REFERENCIA | ||
| 650 | |a HISTORIA | ||
| 650 | |a ESPAÑA | ||
| 650 | |a MONARQUÍA | ||
| 650 | |a COMPAÑÍA (COLONIZACIÓN) | ||
| 650 | |a TRATADO CONTRA LOS JUEGOS PÚBLICOS | ||
| 650 | |a DEL REY Y DE LA INSTITUCIÓN REAL | ||
| 650 | |a DE LA ALTERACIÓN DE LA MONEDA | ||
| 650 | |a DE LAS ENFERMEDADES DE LA COMPAÑIA | ||
| 856 | |u https://babel.hathitrust.org/cgi/pt?id=ucm.5326066899;view=1up;seq=7 |y Acceso al texto |z El enlace electrónico al texto completo difiere en el año al material impreso localizado en la biblioteca | ||
| 942 | |c REF | ||
| 999 | |c 14835 |d 14835 | ||
